000
00315nam a2200133Ia 4500
008
191201s2012 xx 000 0 und d
082
_a
658.8
_b
KOM
100
_a
KOTLER,Philip
245
0
_a
Marketing Management
250
_a
5th IMP
260
_c
2012
_b
Pearson
_a
New Delhi
300
_a
647+mics.
942
_2
ddc
_c
BK
999
_c
8010
_d
8010